FOOD PRODUCTION OPERATIONS (Record no. 28604)

MARC details
000 -LEADER
fixed length control field 00347nam a22001577a 4500
003 - CONTROL NUMBER IDENTIFIER
control field SGT
020 ## - INTERNATIONAL STANDARD BOOK NUMBER
International Standard Book Number 0-19-012479-2
082 ## - DEWEY DECIMAL CLASSIFICATION NUMBER
Classification number 664.02
Item number BAL
100 ## - MAIN ENTRY--PERSONAL NAME
Personal name BALI, PARVINDER S.
245 ## - TITLE STATEMENT
Title FOOD PRODUCTION OPERATIONS
250 ## - EDITION STATEMENT
Edition statement 3RD
260 ## - PUBLICATION, DISTRIBUTION, ETC. (IMPRINT)
Place of publication, distribution, etc INDIA
Name of publisher, distributor, etc OXFORD PUB.
Year of Publication 2022
300 ## - PAGE DESCRIPTION
No. of Pages 552
650 ## - SUBJECT ADDED ENTRY--TOPICAL TERM
Topical term or geographic name as entry element FOOD PRODUCTION
942 ## - ADDED ENTRY ELEMENTS (KOHA)
Source of classification or shelving scheme Dewey Decimal Classification
Koha item type Books
Holdings
Withdrawn status Lost status Source of classification or shelving scheme Damaged status Not for loan Collection code Home library Current library Shelving location Date acquired Vendor Name Cost, normal purchase price SGTU Bill Number Total Checkouts Full call number Accession No. (Barcode) Date last seen Bill Date Koha item type Date last borrowed
    Dewey Decimal Classification     HOTEL MANAGEMENT SGT Science & Social Sciences Library SGT Science & Social Sciences Library Text Book 31/12/2024 BIRJWASI 875.00 SGTU BW00093   664.02 BAL HM1390 31/12/2024   Books  
    Dewey Decimal Classification     HOTEL MANAGEMENT SGT Science & Social Sciences Library SGT Science & Social Sciences Library Text Book 31/12/2024 BIRJWASI 875.00 SGTU BW00093   664.02 BAL HM1391 31/12/2024   Books  
    Dewey Decimal Classification     HOTEL MANAGEMENT SGT Science & Social Sciences Library SGT Science & Social Sciences Library Text Book 31/12/2024 BIRJWASI 875.00 SGTU BW00093 1 664.02 BAL HM1392 24/02/2026   Books 11/02/2026